Влияние бора на характеристики горения высокоэнергетических материалов; Физико-технические проблемы в науке, промышленности и медицине. Российский и международный опыт подготовки кадров

Detaylı Bibliyografya
Parent link:Физико-технические проблемы в науке, промышленности и медицине. Российский и международный опыт подготовки кадров.— 2020.— [С. 30]
Yazar: Коротких А. Г. Александр Геннадьевич
Müşterek Yazar: Национальный исследовательский Томский политехнический университет Инженерная школа энергетики Научно-образовательный центр И. Н. Бутакова (НОЦ И. Н. Бутакова)
Diğer Yazarlar: Сорокин И. В. Иван Викторович
Özet:Заглавие с экрана
Dil:Rusça
Baskı/Yayın Bilgisi: 2020
Konular:
Online Erişim:http://earchive.tpu.ru/handle/11683/63193
Materyal Türü: MixedMaterials Elektronik Kitap Bölümü
KOHA link:https://koha.lib.tpu.ru/cgi-bin/koha/opac-detail.pl?biblionumber=632086

MARC

LEADER 00000naa2a2200000 4500
001 632086
005 20240215105219.0
035 |a (RuTPU)RU\TPU\conf\33787 
035 |a RU\TPU\conf\33782 
090 |a 632086 
100 |a 20201008d2020 k y0rusy50 ca 
101 0 |a rus 
102 |a RU 
105 |a y z 101zy 
135 |a drgn ---uucaa 
181 0 |a i  
182 0 |a b 
200 1 |a Влияние бора на характеристики горения высокоэнергетических материалов  |f А. Г. Коротких, И. В. Сорокин 
203 |a Текст  |c электронный 
300 |a Заглавие с экрана 
320 |a [Библиогр.: с. 30 (3 назв.)] 
338 |b Российский фонд фундаментальных исследований  |d 19-33-90015 
463 0 |0 (RuTPU)RU\TPU\conf\33533  |t Физико-технические проблемы в науке, промышленности и медицине. Российский и международный опыт подготовки кадров  |o сборник научных трудов X Международной научно-практической конференции, г. Томск, 09 – 11 сентября 2020 г.  |f Национальный исследовательский Томский политехнический университет, Инженерная школа ядерных технологий ; Российский фонд фундаментальных исследований ; ред. кол. И. В. Шаманин, В. П. Кривобоков, А. Г. Горюнов, В. А. Карелин  |v [С. 30]  |d 2020 
610 1 |a труды учёных ТПУ 
610 1 |a электронный ресурс 
610 1 |a бор 
610 1 |a характеристики 
610 1 |a горение 
610 1 |a высокоэнергетические материалы 
610 1 |a катализаторы 
610 1 |a порошки 
610 1 |a металлы 
610 1 |a оксиды металлов 
610 1 |a ракетные твердые топлива 
610 1 |a металлическое горючее 
700 1 |a Коротких  |b А. Г.  |c специалист в области энергетики  |c профессор Томского политехнического университета, доктор физико-математических наук  |f 1976-  |g Александр Геннадьевич  |3 (RuTPU)RU\TPU\pers\25614  |9 11543 
701 1 |a Сорокин  |b И. В.  |c специалист в области теплоэнергетики  |c инженер Томского политехнического университета  |f 1992-  |g Иван Викторович  |3 (RuTPU)RU\TPU\pers\45458 
712 0 2 |a Национальный исследовательский Томский политехнический университет  |b Инженерная школа энергетики  |b Научно-образовательный центр И. Н. Бутакова (НОЦ И. Н. Бутакова)  |3 (RuTPU)RU\TPU\col\23504 
801 2 |a RU  |b 63413507  |c 20201102  |g RCR 
856 4 |u http://earchive.tpu.ru/handle/11683/63193 
942 |c BK